|
|
|
|
| LEADER |
00586cam a2200169 7i4500 |
| 001 |
0000029640 |
| 005 |
20130529090000.0 |
| 090 |
0 |
0 |
|a P 641.864
|b MAL
|
| 110 |
2 |
0 |
|a Malaysia External Trade Development Corporation (MATRADE)
|
| 245 |
2 |
0 |
|a China's market for halal gelatine :
|b Product market study : 2012.
|
| 260 |
0 |
0 |
|a Beijing:
|b MATRADE Beijing,
|c 2012.
|
| 300 |
# |
# |
|a 22 p.
|
| 440 |
0 |
0 |
|a Product market study : 2012
|
| 650 |
0 |
0 |
|a Gelatine --
|x Markets --
|z China
|
| 650 |
0 |
0 |
|a Halal gelatine --
|x Markets --
|z China
|
| 651 |
0 |
0 |
|a China
|
| 999 |
|
|
|a 0000031858
|b Book
|c Products
|e Business Information Centre
|